Podium du Rallye de Meuse - Statistiques

Statistiques générales
  • Ce quiz a été pris 8 fois
  • Le résultat moyen est 17 sur 58
Statistiques - réponses
Vainqueur % Correct
Ludovic Jeudy
83%
Daniel Forès
67%
Dominique Rebout
67%
Grégory Dapoigny
67%
Jérémy Dapoigny
67%
Antonin Mougin
50%
Christophe Wilt
50%
Eric Mauffrey
50%
Fabrice Martin
50%
Quentin Gilbert
50%
Stéphane Wagner
50%
Benjamin Stirling
33%
David Kastler
33%
Dylan Gagnière
33%
Eric Cunin
33%
Jean-Jacques Lebrun
33%
Jean-Paul Bouquet
33%
Marc Vilte
33%
Maxime Goettelmann
33%
Patrick Gagnière
33%
Quentin Giordano
33%
Raphael Bouchy
33%
Roland Leuvrey
33%
Stéphane Bottin
33%
Steve Mourey
33%
Thierry Batteau
33%
Thierry Chkondali
33%
Adrien Cereda
17%
Alain Heresse
17%
Benoit Genre
17%
Bernard Dubois
17%
Christian Hot
17%
Christophe Harroué
17%
Denis Ehlinger
17%
Didier Deniset
17%
Fabien Frantz
17%
Gérard Werguet
17%
Gilles Antoine
17%
James Gallou
17%
Jan-Hug Hazard
17%
Jean Briche
17%
Jean-Jacques Thomassin
17%
Jean-Louis Langlade
17%
Jean-Louis Riblet
17%
Jean-Marc Durr
17%
Jean-Marie Lexcellent
17%
Jean-Pierre Drapier
17%
Jonathan Fritsch
17%
Marcel Patrois
17%
Marc Vignon
17%
Olivier Virlat
17%
Pascal Lelarge
17%
Pascal Voirin
17%
Pascal Voirin
17%
Philippe Grosjean
17%
Sébastien Bret
17%
Serge Bernardin
17%
Thierry Ligibel
17%
Aucun quiz correspondant
Distribution des résultats
% des personnes avec chaque résultat
Percentile par nombre de réponses
Votre historique - résultats
Vous n’avez pas pris ce quiz